000 00627cam a22002291 4500
001 sa 66001668
003 DLC
005 20260227112223.0
008 881102s1965 xx 000 0 hino
010 _asa 66001668
035 _a(OCoLC)23548665
040 _aDLC
_cMiU
_dDLC
042 _apremarc
050 0 0 _aPK2095.M3
_bZ87
100 1 _aShukla, Prabhakar,
_d1935-
245 0 0 _aJāyasī kī bhāshā.
260 _c[1965]
300 _a21, 354 p.
_bport.
_c25 cm.
500 _aRomanized.
600 0 0 _aMalik Muhammad Jayasi,
_dactive 1540.
830 0 _aSeṭha Bholārāma Sekasariyā-smāraka granthamālā.
_v18.
999 _c67902
_d67902